| 000 | 00487nam a2200157 i 4500 | ||
|---|---|---|---|
| 001 | 141468 | ||
| 003 | ES-MaACL | ||
| 007 | t| | ||
| 008 | 070924s1974 sp ||||1| spa d | ||
| 100 | 1 |
_aVogt, Joseph. _9115665 |
|
| 245 | 1 | 3 |
_aEl concepto de la historia de Ranke a Toynbee / _cJoseph Vogt ; [lo tradujo Justo Pérez Corral]. |
| 260 |
_aMadrid : _bGuadarrama, _c[1974] |
||
| 300 |
_a202 p. ; _c18 cm. |
||
| 700 | 1 |
_aPérez Corral, Justo. _990743 |
|
| 852 |
_aES-MaACL _jE-5484 _bR.89621 |
||
| 999 |
_c141468 _d141468 |
||